Missing Word: Movies on the Map Quiz Stats

Quiz Updated Oct 12, 2012

Challenge
Share
Tweet
Embed
Score 0/17 Timer 03:00
5 Plays Today
movie answer % Correct
______ by NorthwestNorth
97.2%
How the _____ Was WonWest
94.3%
_____ PlacidLake
92.1%
No ________ for Old MenCountry
91.9%
The Bridge on the ____ KwaiRiver
91%
The Deep End of the _____Ocean
78.5%
_____ of EdenEast
78.1%
Cold _________Mountain
73.7%
Don't Be a Menace to ______ Central While Drinking Your Juice in the HoodSouth
69.8%
movie answer % Correct
_____ of PlayState
55.2%
The Cruel ____Sea
55.2%
Adventures of Priscilla, Queen of the _____Desert
46.6%
_______ of the Blue DolphinsIsland
45.4%
Ghost _____Town
39.2%
_____ of JoyCity
37.4%
The Mosquito ______Coast
34.9%
In the ______ of ElahValley
32.6%

Today's Daily Dose

You're not logged in!

Compare scores with friends on all Sporcle quizzes.
Sign Up with Email
OR
Log In

You Might Also Like...

Show Comments

Extras

Top Quizzes Today


Score Distribution

Your Account Isn't Verified!

In order to create a playlist on Sporcle, you need to verify the email address you used during registration. Go to your Sporcle Settings to finish the process.